[Event "ch-RUS Higher League"]
[Site "Irkutsk RUS"]
[Date "2010.09.05"]
[Round "10"]
[White "Grachev,B"]
[Black "Frolyanov,D"]
[Result "1/2-1/2"]
[WhiteElo "2668"]
[BlackElo "2587"]

1.c4 e6 2.Nf3 d5 3.d4 Nf6 4.g3 dxc4 5.Bg2 Nc6 6.Qa4 Bb4+ 7.Bd2 Bd6 8.Nc3 O-O
9.Qxc4 e5 10.d5 Ne7 11.O-O h6 12.Rfd1 a6 13.Qd3 Ng6 14.e4 Bd7 15.Ne1 Qe7
16.Nc2 Rfd8 17.Ne3 b5 18.Nf5 Bxf5 19.exf5 Nf8 20.a4 b4 21.Ne4 Nxe4 22.Qxe4 a5
23.Rac1 Nd7 24.Be3 Nf6 25.Qh4 Rac8 26.b3 e4 27.Rc4 Re8 28.Bd4 Nxd5 29.Qxe7 Bxe7
30.Bxe4 Rcd8 31.Bxd5 Rxd5 32.Re1 Kf8 33.Re5 Rxe5 34.Bxe5 Bd6 35.Bxd6+ cxd6
36.Rc6 Re1+ 37.Kg2 Ke7 38.Ra6 Rb1 39.Rxa5 Rxb3 40.Rb5 Rb2 41.g4 b3 42.Kg3 Ra2
43.Rxb3 Rxa4 44.Rb7+ Kf6 45.Rd7 Rd4 46.h4 Rd3+ 47.f3 Rd4 48.Kf2 Rd2+ 49.Ke3 Rd1
50.Ke2 Rd4 51.Ke3 Rd1 52.Ke4 Rh1 53.h5 Rd1 54.Ra7 Re1+ 55.Kf4 Rb1 56.Rd7 Rd1
57.Ke3 Rd5 58.Ra7 Re5+ 59.Kd4 Re1 60.Rd7 Rd1+ 61.Ke3 Rd5 62.f4 Rd1 63.Ke2 Rd4
64.Kf3 Rd3+ 65.Ke4 Rd1 66.Ra7 Rg1 67.Kf3 Rf1+ 68.Ke3 Rg1  1/2-1/2

[Event "12th Open"]
[Site "Trieste ITA"]
[Date "2010.09.07"]
[Round "5"]
[White "Fehr,A"]
[Black "De Val,D"]
[Result "1/2-1/2"]
[WhiteElo "2147"]
[BlackElo "2249"]

1.c4 e6 2.Nf3 d5 3.g3 Nf6 4.Bg2 Be7 5.O-O O-O 6.d4 c5 7.cxd5 exd5 8.Nc3 Nc6
9.Bg5 cxd4 10.Nxd4 h6 11.Be3 Re8 12.h3 Be6 13.Qa4 Bd7 14.Rad1 Nb4 15.Qb3 a5
16.Rd2 a4 17.Qd1 a3 18.bxa3 Rxa3 19.Ndb5 Ra5 20.a4 Be6 21.Bd4 Qc8 22.Kh2 Ra6
23.Bxf6 Bxf6 24.Nxd5 Nxd5 25.Bxd5 Bxh3 26.Bxb7 Qxb7 27.Kxh3 Re5 28.f3 Qa8
29.Kg2 Rxa4 30.Nc7 Qa5 31.Nd5 Be7 32.Nxe7+ Rxe7 33.g4  1/2-1/2

[Event "TCh-FIN 2010-11"]
[Site "Sastamala FIN"]
[Date "2010.09.19"]
[Round "2.3"]
[White "Jouhki,Y"]
[Black "Martynov,P1"]
[Result "0-1"]
[WhiteElo "2292"]
[BlackElo "2412"]

1.c4 e6 2.Nf3 d5 3.b3 c5 4.g3 Nc6 5.Bg2 d4 6.O-O e5 7.d3 f6 8.e3 Bg4 9.h3 Be6
10.exd4 cxd4 11.a3 a5 12.Nbd2 Nh6 13.Rb1 Be7 14.Ne4 Nf7 15.b4 axb4 16.axb4 Bxb4
17.Bd2 Bxd2 18.Nfxd2 Qe7 19.Rb5 O-O 20.Qb1 Ra7 21.Nc5 Bc8 22.Qb3 Kh8 23.Rb1 Nfd8
24.Qb2 f5 25.Re1 Qd6 26.Nf3 h6 27.Nb3 Nf7 28.c5 Qc7 29.Nbd2 Be6 30.Ra1 Rfa8
31.Rxa7 Rxa7 32.Rb6 Nfd8 33.Qc1 Ra5 34.Nb3 Bxb3 35.Rxb3 Ne7 36.Nd2 Rxc5 37.Qa3 Kh7
38.g4 g6 39.gxf5 gxf5 40.Bxb7 Ng6 41.Rb1 Nxb7 42.Rxb7 Qxb7 43.Qxc5 Nf4  0-1

[Event "DDS GM"]
[Site "Borovo CRO"]
[Date "2010.09.22"]
[Round "6"]
[White "Szuhanek,R"]
[Black "Lazic,Mir"]
[Result "1/2-1/2"]
[WhiteElo "2504"]
[BlackElo "2502"]

1.c4 e6 2.Nf3 d5 3.d4 c6 4.Qc2 Nf6 5.Bg5 Be7 6.e3 O-O 7.Nc3 Nbd7 8.Be2 dxc4
9.Bxc4 Re8 10.O-O h6 11.Bh4 Nd5 12.Bxe7 Qxe7 13.Rad1 Nxc3 14.Qxc3 b6 15.Ne5 Bb7
16.Nxd7 Qxd7 17.f4 Rac8 18.b4 Red8 19.Qc2 Qe7 20.f5 exf5 21.Qxf5 Rf8 22.e4 Rce8
23.a3 Bc8 24.Qf4 Kh8 25.e5 Be6 26.Bd3 Bd5 27.Rd2 Rd8  1/2-1/2

[Event "EYCC Girls U16"]
[Site "Batumi GEO"]
[Date "2010.09.23"]
[Round "4"]
[White "Durmaz,A"]
[Black "Gevorgyan,M"]
[Result "0-1"]
[WhiteElo "1812"]
[BlackElo "1981"]

1.c4 e6 2.Nf3 d5 3.cxd5 exd5 4.g3 c6 5.Bg2 Nf6 6.O-O Bg4 7.h3 Bxf3 8.Bxf3 Nbd7
9.d3 Bd6 10.e4 dxe4 11.dxe4 Qc7 12.Nc3 O-O 13.Bg2 Rfe8 14.f4 Rad8 15.Qc2 Nh5
16.Ne2 g6 17.b3 Qb6+ 18.Kh1 Qc5 19.Qd3 Ne5 20.fxe5 Bxe5 21.Qf3 Bxa1 22.Be3 Qe5
23.Qxf7+ Kh8 24.g4 Rf8 25.Qxf8+ Rxf8 26.Rxf8+ Kg7 27.Rf1 Nf6 28.Bf4 Qb2 29.Ng3 Qxa2
30.g5 Nd7 31.e5 Bxe5 32.Bxe5+ Nxe5 33.Rd1 Qxb3  0-1

[Event "EYCC Girls U16"]
[Site "Batumi GEO"]
[Date "2010.09.28"]
[Round "9"]
[White "Durmaz,A"]
[Black "Sirkova,D"]
[Result "0-1"]
[WhiteElo "1812"]
[BlackElo "2094"]

1.c4 e6 2.Nf3 d5 3.cxd5 exd5 4.g3 Nf6 5.Bg2 Be7 6.O-O O-O 7.d3 c5 8.Bf4 Nc6
9.Nc3 d4 10.Nb5 Nd5 11.Bd2 a6 12.Na3 h6 13.Nc4 Bf6 14.Rb1 Be6 15.Ne1 b5 16.Na3 Rc8
17.Nac2 Qd7 18.e4 dxe3 19.fxe3 Ne5 20.e4 Ne7 21.Bxh6 Rfd8 22.Bf4 N7g6 23.b3 Bg4
24.Qd2 Nxd3 25.Nxd3 Qxd3 26.Qxd3 Rxd3 27.h3 Nxf4 28.Rxf4 Be6 29.g4 Rd2 30.Rf2 Rcd8
31.Rbf1 Bh4 32.Rxd2 Rxd2 33.Rc1 Bf6 34.Ne1 Rxa2 35.Nf3 Ra1 36.Rxa1 Bxa1 37.Nd2 Bc3
38.Nb1 Bb4  0-1

[Event "I Memorial Oliver Gonzalez"]
[Site "Madrid ESP"]
[Date "2010.10.10"]
[Round "2"]
[White "Gallardo Garcia,A"]
[Black "Garcia Ruido,R"]
[Result "0-1"]
[WhiteElo "2373"]
[BlackElo "2061"]

1.c4 e6 2.Nf3 d5 3.g3 Nf6 4.Bg2 c5 5.O-O Nc6 6.cxd5 exd5 7.d4 Be7 8.Be3 c4
9.b3 cxb3 10.Qxb3 O-O 11.Ne5 Na5 12.Qa4 Bf5 13.Bd2 Nc4 14.Nxc4 dxc4 15.Bxb7 Rb8
16.Bg2 Qxd4 17.Bc3 Qc5 18.e3 Bd7 19.Qc2 Bf5 20.e4 Be6 21.Nd2 Rfd8 22.Nf3 Qa3
23.Ne5 Rdc8 24.Rfc1 Nd7 25.Nxd7 Bxd7 26.Bf1 Bb4 27.Qd2 Be6 28.Qd4 Bxc3 29.Rxc3 Qb2
30.Rac1 Qxa2 31.Bxc4 Bxc4 32.Rxc4 Rxc4 33.Rxc4 h6 34.Kg2 Rb2 35.Rc7 a5 36.Ra7 Rd2
37.Qc5 Qe6 38.Qe3 Ra2 39.Qd4 Re2 40.Qd8+ Kh7 41.Re7 Qf6 42.Qd3 Qxf2+ 43.Kh3 Qxh2+
44.Kg4 h5+ 45.Kg5 f6+ 46.Kf4 Rf2+  0-1

[Event "Lichtenrader Herbst"]
[Site "Berlin GER"]
[Date "2010.10.23"]
[Round "8"]
[White "Cusnariov,N"]
[Black "Noetzel,Fe"]
[Result "1/2-1/2"]
[WhiteElo "2170"]
[BlackElo "2025"]

1.c4 e6 2.Nf3 d5 3.d4 c6 4.Qc2 f5 5.g3 Nf6 6.Bg2 Bd6 7.O-O O-O 8.b3 Qe7 9.Bb2 Ne4
10.Nbd2 Nd7 11.Rac1 Qf6 12.e3 g5 13.Ne1 Qh6 14.Nd3 Ndf6 15.Ne5 g4 16.Nxe4 Nxe4
17.Qd3 Ng5 18.Qe2 Rf6 19.f3 gxf3 20.Bxf3 Qg7 21.Bg2 Bd7 22.Rf4 Raf8 23.Rcf1 Be8
24.Bc3 Rh6 25.g4 Kh8 26.Kh1 Ne4 27.Bxe4 fxe4 28.Be1 Rhf6 29.Bg3 Be7 30.c5 Kg8
31.R1f2 Rxf4 32.Rxf4 Bg5 33.Rxf8+ Qxf8 34.Qf2 Qxf2 35.Bxf2 Bd8 36.Kg2 Kg7
37.Kg3 Ba5 38.a3 Bc3 39.Kg2 b6 40.cxb6 axb6 41.Kf1 c5 42.Ke2 cxd4 43.exd4 b5
44.Be3 Bb2 45.a4 bxa4 46.bxa4 Bxa4 47.Kf2 Ba3 48.Kg3 Kf6 49.h4 Be8 50.Bg5+ Kg7
51.Be3 Bb4 52.Kf2 Kf8 53.Bh6+ Ke7 54.Bg5+ Kd6 55.Bf4 Kc7 56.Be3 Be7 57.h5 Kb6
58.Ke2 Kb5 59.Kd2 Bd6 60.Kc3 Bb4+ 61.Kb3 Be1 62.h6 Bg3  1/2-1/2

[Event "Chigorin Mem Classic Open"]
[Site "St Petersburg RUS"]
[Date "2010.10.31"]
[Round "4"]
[White "Trofimov,Vl2"]
[Black "Sokolova,V"]
[Result "0-1"]
[WhiteElo "2221"]
[BlackElo "2022"]

1.c4 e6 2.Nf3 d5 3.g3 Nf6 4.Bg2 c6 5.d4 Bb4+ 6.Bd2 Be7 7.Qc2 O-O 8.O-O Nbd7
9.b3 b6 10.Nc3 Ba6 11.e4 dxc4 12.Rfe1 cxb3 13.axb3 Bb7 14.Rad1 Rc8 15.Qb1 b5
16.e5 Nd5 17.Ne4 c5 18.Bg5 Bxg5 19.Nfxg5 g6 20.h4 cxd4 21.Nd6 Nc3 22.Nxb7 Qb6
23.Qd3 Nxd1 24.Rxd1 Nxe5 25.Qe4 f6 26.Nxe6 Qxe6 27.f4 Qxb3 28.Rb1 Qxg3 29.fxe5 fxe5
30.Nd6 Qf2+ 31.Kh1 Rf4 32.Qd5+ Kf8 33.Qe6 Rxh4+ 34.Bh3 Qf3+ 35.Kg1 Qe3+  0-1

[Event "Chigorin Mem Classic Open"]
[Site "St Petersburg RUS"]
[Date "2010.10.31"]
[Round "4"]
[White "Vafin,A"]
[Black "Maevsky,N"]
[Result "1/2-1/2"]
[WhiteElo "2129"]
[BlackElo "2302"]

1.c4 e6 2.Nf3 d5 3.b3 Nf6 4.Bb2 c5 5.g3 Nc6 6.Bg2 d4 7.d3 Be7 8.O-O O-O 9.e4 e5
10.a3 Ne8 11.Re1 Be6 12.Qc2 a6 13.Nbd2 Rb8 14.Rab1 Qc7 15.Nf1 b5 16.N3d2 Nf6
17.Bc1 Rb7 18.Nf3 Rfb8 19.Bd2 Nd7 20.h3 Rb6 21.Ng5 Bxg5 22.Bxg5 Qb7 23.Ra1 bxc4
24.bxc4 Rb2 25.Qa4 Nb6 26.Qd1 Nc8 27.Bc1 Rb1 28.Rxb1 Qxb1 29.Kh2 Bd7 30.Bf3 Nd6
31.Be2 Qa2 32.Nd2 Na5 33.f4 Nc8 34.Nf3 exf4 35.gxf4 Nb3 36.Kg1 Nxc1 37.Qxc1 Rb2
38.Bf1 Nb6 39.f5 Nc8 40.Qf4 Qb3 41.Ne5 Be8 42.f6 Qb8 43.Qg5  1/2-1/2

[Event "Chigorin Mem Classic Open"]
[Site "St Petersburg RUS"]
[Date "2010.11.01"]
[Round "5"]
[White "Grigoryan,K2"]
[Black "Yudin,S"]
[Result "1/2-1/2"]
[WhiteElo "2290"]
[BlackElo "2521"]

1.c4 e6 2.Nf3 d5 3.e3 c6 4.b3 f5 5.Be2 Nf6 6.O-O Bd6 7.Ba3 b6 8.Bxd6 Qxd6
9.d4 Nbd7 10.Nc3 O-O 11.Qc2 Ne4 12.Rab1 a5 13.Na4 Bb7 14.Nxb6 Nxb6 15.c5 Qe7
16.cxb6 Rfc8 17.Rbc1 Qb4 18.Ne5 Qxb6 19.f3 Nf6 20.Qc5 Qd8 21.Rc2 Nd7 22.Nxd7 Qxd7
23.Qb6 Rcb8 24.Re1 Kf8 25.Rc5 Qd8 26.Qxd8+ Rxd8 27.Kf2 Ke7 28.Rec1 Kd6 29.f4 Rdc8
30.R1c2 Rg8 31.a3 Rgc8 32.a4 Rg8 33.g3 Rgc8 34.Ke1 Rc7 35.Kd2 Bc8 36.Rb2 Rca7
37.Kc3 h6 38.Bd1 Bd7 39.Re2 g5 40.Kb2  1/2-1/2

[Event "Chigorin Mem Classic Open"]
[Site "St Petersburg RUS"]
[Date "2010.11.02"]
[Round "6"]
[White "Sichinava,Z"]
[Black "Swiercz,D"]
[Result "1/2-1/2"]
[WhiteElo "2330"]
[BlackElo "2507"]

1.c4 e6 2.Nf3 d5 3.g3 dxc4 4.Na3 a6 5.Nxc4 b5 6.Ne3 Bb7 7.Bg2 Nf6 8.O-O Nbd7
9.b3 Be7 10.Bb2 O-O 11.Qc2 c5 12.Rac1 Qb6 13.Rfd1 Rac8 14.Qb1 Rfd8 15.Qa1 Bf8
16.h4 Qa7 17.d4 cxd4 18.Bxd4 Qa8 19.Qb2 Be4 20.Bh3 Rxc1 21.Qxc1 Rc8 22.Qb2 Bxf3
23.exf3 Qxf3 24.Bg2 Qh5 25.b4 Nd5 26.Rc1 Rxc1+ 27.Qxc1 Nxe3 28.Bxe3 Ne5 29.Bb7 Nc4
30.Bf4 Bxb4 31.Bxa6 Qd5 32.a4 Na3 33.Qc8+ Bf8 34.axb5 Nc4 35.Qc6 Bc5 36.Bb7 Qd4
37.Qc8+ Bf8 38.Bf3 h6 39.Bc7 Qa1+ 40.Kg2 Qb2 41.Bc6 Ne3+ 42.Kf3 Nf5 43.Qd8 h5
44.Bf4 g6 45.Kg2 e5 46.Bg5 e4 47.Qd2 Qb1 48.Qc1 Qb3 49.Qe1 e3 50.fxe3 Bd6
51.Bf4 Bc5 52.e4 Ne3+ 53.Kh1 Ng4 54.Kg2 Qb2+ 55.Qd2 Qb1 56.Qc1 Qa2+ 57.Qd2 Qa1
58.e5 Qg1+ 59.Kf3 Qf1+ 60.Ke4 Qc4+ 61.Kf3 Qf1+ 62.Ke4  1/2-1/2

[Event "Chigorin Mem Classic Open"]
[Site "St Petersburg RUS"]
[Date "2010.11.04"]
[Round "8"]
[White "Trofimov,Vl2"]
[Black "Belotserkovsky,D"]
[Result "1-0"]
[WhiteElo "2221"]
[BlackElo "2012"]

1.c4 e6 2.Nf3 d5 3.g3 Nf6 4.Bg2 dxc4 5.Qa4+ Bd7 6.Qxc4 Bc6 7.Nc3 Be7 8.O-O O-O
9.d4 a6 10.Qd3 b5 11.a3 Bb7 12.Rd1 c5 13.dxc5 Qxd3 14.Rxd3 Bxc5 15.Ne5 Bxg2
16.Kxg2 Ra7 17.Bf4 Nh5 18.Ne4 Nxf4+ 19.gxf4 Be7 20.Rc1 Bf6 21.Nxf6+ gxf6
22.Ng4 Kg7 23.Rg3 Nd7 24.Nh6+ Kxh6 25.Kf3 Rg8 26.Rxg8 f5 27.Rcg1 Nf6 28.R8g3 Nh5
29.Rh3 f6 30.Rg8 Rd7 31.e3 e5 32.fxe5 fxe5 33.Ke2 e4 34.f4 exf3+ 35.Rxf3 Rd5
36.Ra8 Rc5 37.Rxa6+ Kg5 38.Kd2 Rd5+ 39.Kc2 Kg4 40.Rf2 Re5 41.Ra5 Nf6 42.a4 Rxe3
43.Rxb5 f4 44.a5 Ne4 45.Rf1 f3 46.a6 f2 47.a7 Re2+ 48.Kd3 Re1 49.a8=Q Rxf1
50.Qxe4+  1-0

[Event "ch-ISR"]
[Site "Haifa ISR"]
[Date "2010.11.09"]
[Round "2.9"]
[White "Kantarji,P"]
[Black "Vydeslaver,Ali"]
[Result "1-0"]
[WhiteElo "2363"]
[BlackElo "2388"]

1.c4 e6 2.Nf3 d5 3.d4 c6 4.Nbd2 Nf6 5.g3 Be7 6.Bg2 O-O 7.O-O c5 8.dxc5 Bxc5
9.Nb3 Bb6 10.cxd5 exd5 11.Bf4 Nc6 12.Rc1 Qe7 13.Nbd4 Nxd4 14.Nxd4 Be6 15.a3 Rac8
16.Qd3 Rfd8 17.h3 h6 18.Be3 Qd7 19.Kh2 Rxc1 20.Rxc1 Rc8 21.Rxc8+ Qxc8 22.Nb5 Bxe3
23.Qxe3 a6 24.Nd4 Qc5 25.Qe5 Qb6 26.b4 Nd7 27.Qf4 a5 28.bxa5 Qxa5 29.Nxe6 fxe6
30.Qd6 Nf8 31.e4 dxe4 32.Bxe4 b6 33.Kg2 Qa7 34.Bc6 Kf7 35.Qf4+ Ke7 36.a4 Nd7
37.Qg4 Kf7 38.Qh5+ Kf8 39.Qg4 Kf7 40.Qd4 Nf6 41.Qd8 h5 42.h4 e5 43.Bb5 Qb7+
44.Kg1 Kg6 45.Qd6 e4 46.Bc6 Qc8 47.Bxe4+ Kf7 48.Bc6 Kg6 49.Bb5 Qb7 50.Qe6 Kh7
51.Bd3+ Kh8 52.Bg6 Qc7 53.Bf5 Qd8 54.Qc6 Qd1+ 55.Kg2 Qd5+ 56.Qxd5 Nxd5 57.Kf3 Nc3
58.Bd7 g6 59.Ke3 Kg7 60.Kd4 Nd1 61.f3 Kf7 62.Bb5 Ke7 63.Kd5 Ne3+ 64.Kc6 Nf5
65.Bd3  1-0

[Event "2nd Balkan Grand Prix Final"]
[Site "Belgrade SRB"]
[Date "2010.11.12"]
[Round "1"]
[White "Drenchev,P"]
[Black "Blagojevic,Dr"]
[Result "1/2-1/2"]
[WhiteElo "2507"]
[BlackElo "2482"]

1.c4 e6 2.Nf3 d5 3.g3 dxc4 4.Qa4+ c6 5.Qxc4 b5 6.Qc2 Bb7 7.d4 Nd7 8.Bg2 c5
9.O-O Ngf6 10.Bg5 Rc8 11.Qd3 a6 12.Nbd2 cxd4 13.Qxd4 Bc5 14.Qh4 Be7 15.Rfd1 h6
16.Nb3 Bd5  1/2-1/2

[Event "VI World Blitz"]
[Site "Moscow RUS"]
[Date "2010.11.18"]
[Round "32"]
[White "Andreikin,D"]
[Black "Grachev,B"]
[Result "1-0"]
[WhiteElo "2683"]
[BlackElo "2654"]

1.c4 e6 2.Nf3 d5 3.g3 Nf6 4.Bg2 dxc4 5.Qa4+ c6 6.Qxc4 b5 7.Qc2 Bb7 8.O-O Nbd7
9.Nc3 a6 10.a4 Be7 11.d4 O-O 12.Rd1 Rc8 13.Ne5 Qc7 14.Bf4 Bd6 15.axb5 axb5
16.Ra7 Bxe5 17.dxe5 Nd5 18.Ne4 Qb8 19.Ra3 Nxe5 20.Nc5 Nxf4 21.gxf4 Nc4 22.Rh3 g6
23.Qc3 Rfd8 24.Rd7 Qxf4 25.Rf3 Qe5 26.Rfxf7 Rxd7 27.Rxd7 Qxc3 28.bxc3 Ba8
29.Bh3 Kh8 30.Bxe6 Re8 31.Bxc4 bxc4 32.e4 Re5 33.Na4 Ra5 34.Nb6 Ra3 35.e5 Rxc3
36.e6 Rc1+ 37.Kg2 Re1 38.e7 Kg8 39.Nxa8 c3 40.Rc7 c2 41.Rxc6 Rxe7 42.Rxc2 Rb7
43.Nc7 Kg7 44.Nd5 Rd7 45.Rc7  1-0

[Event "XXIII Belgrade Trophy"]
[Site "Obrenovac SRB"]
[Date "2010.11.30"]
[Round "7.5"]
[White "Damljanovic,B"]
[Black "Blagojevic,Dr"]
[Result "0-1"]
[WhiteElo "2551"]
[BlackElo "2482"]

1.c4 e6 2.Nf3 d5 3.d4 Nf6 4.g3 dxc4 5.Bg2 a6 6.O-O b5 7.Ne5 Nd5 8.a4 Bb7
9.e4 Nf6 10.axb5 axb5 11.Rxa8 Bxa8 12.Nc3 c6 13.Bg5 Be7 14.Qa1 Bb7 15.Qa7 Qc8
16.d5 O-O 17.dxe6 fxe6 18.Rd1 Na6 19.Nd7 Rd8 20.Bh3 Kf7 21.Ne5+ Kf8 22.Rxd8+ Bxd8
23.Qe3 Qc7 24.Bf4 Qc8 25.Nf3 Be7 26.Nd4 Nc5 27.e5 Nd5 28.Nxd5 cxd5 29.Nxb5 Qc6
30.Nd4 Qd7 31.Bg5 Bxg5 32.Qxg5 Bc8 33.Bg4 Qe7 34.Qe3 Bd7 35.Bd1 Kg8 36.Qa3 Qf8
37.Bc2 Be8 38.Qa8 Bg6 39.Qxf8+ Kxf8  0-1

[Event "TCh-HUN 2010-11"]
[Site "Budapest HUN"]
[Date "2010.12.05"]
[Round "4"]
[White "Balog,I1"]
[Black "Shengelia,D"]
[Result "0-1"]
[WhiteElo "2513"]
[BlackElo "2587"]

1.c4 e6 2.Nf3 d5 3.d4 Nf6 4.g3 dxc4 5.Qa4+ Nbd7 6.Bg2 a6 7.Qxc4 b5 8.Qc6 Rb8
9.Bf4 Nd5 10.O-O Nxf4 11.gxf4 Bb7 12.Qc3 Bd6 13.Ne5 Bxg2 14.Kxg2 O-O 15.Nc6 Qf6
16.Nxb8 Qxf4 17.Qg3 Qe4+ 18.Qf3 Qh4 19.h3 Rxb8 20.Qg4 Qh6 21.f4 g6 22.Nc3 f5
23.Qg5 Qg7 24.e3 Nf6 25.Kh1 Ng4 26.Qh4 Nxe3 27.Rf2 Qxd4 28.Re1 b4 29.Ne2 Qe4+
30.Kh2 e5 31.Ng3 Qd4 32.Ne2 Qd2 33.Rg1 Rf8 34.Rg5 exf4 35.Ng1 Nf1+ 36.Kg2 Ne3+
37.Kh2 f3+ 38.Kh1 Qe1 39.Qh6 Rf6 40.Rxf3 Qd2 41.Rgg3 Bxg3 42.Rxg3 f4  0-1

[Event "Australian Masters"]
[Site "Canterbury AUS"]
[Date "2010.12.07"]
[Round "1"]
[White "Morris,J"]
[Black "Solomon,SJ"]
[Result "0-1"]
[WhiteElo "2240"]
[BlackElo "2397"]

1.c4 e6 2.Nf3 d5 3.g3 Nf6 4.Bg2 dxc4 5.Qa4+ Bd7 6.Qxc4 Bc6 7.Qc2 e5 8.Nc3 Bd6
9.O-O O-O 10.d3 Re8 11.e4 Bc5 12.Nd5 Nbd7 13.b4 Bd6 14.Nxf6+ Qxf6 15.Rb1 a6
16.a4 Nb6 17.b5 axb5 18.axb5 Bd7 19.Be3 Ra5 20.d4 Bxb5 21.Rfc1 Nd7 22.Qd2 b6
23.Bg5 Qe6 24.d5 Qg4 25.h3 Qxe4 26.Re1 Qd3 27.Bf1 Qxd2 28.Bxd2 Bxf1 29.Bxa5 Bc4
30.Bb4 Bxb4 31.Rxb4 Bxd5 32.Nd2 f5 33.f4 e4 34.g4 Kf7 35.gxf5 Nc5 36.Rd4 c6
37.Nc4 Bxc4 38.Rxc4 Kf6 39.Kf1 Ra8 40.Rb1 Ra6 41.Rd1 Kxf5 42.Rd6 Kxf4 43.Rxc6 Ra1+
44.Ke2 Ra2+ 45.Kd1 Nd3 46.Rc2 Ra1+ 47.Kd2 Nb4  0-1

[Event "2nd Pilsen Open"]
[Site "Plzen CZE"]
[Date "2010.12.07"]
[Round "5"]
[White "Ivanov,MM"]
[Black "Plischki,S"]
[Result "1/2-1/2"]
[WhiteElo "2429"]
[BlackElo "2360"]

1.c4 e6 2.Nf3 d5 3.d4 Nf6 4.g3 Bb4+ 5.Nc3 O-O 6.Bg2 dxc4 7.O-O Nc6 8.Bg5 h6
9.Bxf6 Qxf6 10.e3 Rb8  1/2-1/2

[Event "ch-RSSU"]
[Site "Moscow RUS"]
[Date "2010.12.09"]
[Round "9"]
[White "Lushenkov,M"]
[Black "Dzheranjan,S"]
[Result "1-0"]
[WhiteElo "2459"]
[BlackElo "2215"]

1.c4 e6 2.Nf3 d5 3.g3 Nf6 4.Bg2 Be7 5.O-O O-O 6.b3 c5 7.e3 Nc6 8.Bb2 dxc4
9.bxc4 Qd3 10.Qb3 Rd8 11.Qxd3 Rxd3 12.Rd1 Rb8 13.Nc3 a6 14.Rab1 Rd8 15.Ba1 Na5
16.d3 Bd7 17.a4 Be8 18.Kf1 Nc6 19.Ke2 Nb4 20.Ne1 Nd7 21.f4 a5 22.Nb5 Nb6
23.Be5 Nxa4 24.Bxb8 Bxb5 25.Be5 f6 26.Ba1 Ba6 27.Rb3 Nb6 28.Rc1 Nc8 29.g4 b5
30.Ra3 a4 31.cxb5 Bxb5 32.Bf1 Nb6 33.Kf3 Kf7 34.Be2 Bc6+ 35.Kf2 Bb5 36.Rb1 Rd7
37.h4 Rd8 38.g5 Rc8 39.Bc3 Rd8 40.Bd2 N6d5 41.Bh5+ Kf8 42.Bd1 Nb6 43.Be2 Kf7
44.d4 Bxe2 45.Kxe2 N4d5 46.Raa1 cxd4 47.e4 Nc3+ 48.Bxc3 dxc3 49.Rxb6 Rd2+
50.Kf3 Bc5 51.Rb7+ Kg6 52.Rxa4 Rf2+ 53.Kg4 f5+ 54.exf5+ exf5+ 55.Kg3 Rb2
56.Ra6+ Kh5 57.Rxg7  1-0

[Event "48th ch-IND"]
[Site "New Delhi IND"]
[Date "2010.12.10"]
[Round "2"]
[White "Joshi,GB"]
[Black "Thejkumar,M"]
[Result "1-0"]
[WhiteElo "2292"]
[BlackElo "2448"]

1.c4 e6 2.Nf3 d5 3.d4 Nf6 4.g3 dxc4 5.Bg2 a6 6.O-O c5 7.dxc5 Qxd1 8.Rxd1 Bxc5
9.Ne5 Ra7 10.Nxc4 b5 11.Bf4 Rd7 12.Nbd2 bxc4 13.Bxb8 c3 14.bxc3 Bb7 15.Nb3 Bxg2
16.Kxg2 Ke7 17.Be5 Ba3 18.Bxf6+ gxf6 19.Rxd7+ Kxd7 20.Rd1+ Ke7 21.Rd4 Rc8
22.Ra4 Bb2 23.c4 Bc3 24.Kf3 f5 25.h4 h6 26.e3 e5 27.e4 fxe4+ 28.Kxe4 Rc6
29.f3 Be1 30.g4 Bxh4 31.Kxe5 Rf6 32.Nd4 Bg3+ 33.Ke4 Bf2 34.Nf5+ Kd7 35.Kd5 Rc6
36.Ke4 Re6+ 37.Kd5 Rc6 38.Ke4 Re6+ 39.Kd3 Rf6 40.Ke4 Re6+ 41.Kd3 Kc7 42.Ra5 Kb6
43.Rd5 Kc7 44.c5 Re1 45.Rd6 Bxc5 46.Rxh6 a5 47.Kc4 Bb4 48.Rf6 Rc1+ 49.Kb5 Rc5+
50.Ka4 Rc3 51.Kb5 Rxf3 52.Rxf7+ Kd8 53.g5 Rf2 54.g6 Bc3 55.Kc6 Ba1 56.Rf8+  1-0

[Event "Moscow Teams"]
[Site "Moscow RUS"]
[Date "2010.12.12"]
[Round "4"]
[White "Kuzovkin,A"]
[Black "Vulfson,V"]
[Result "1-0"]
[WhiteElo "2319"]
[BlackElo "2437"]

1.c4 e6 2.Nf3 d5 3.g3 dxc4 4.Bg2 c5 5.Na3 Nc6 6.O-O Nge7 7.Nxc4 f6 8.a3 b5
9.Ne3 Rb8 10.b4 c4 11.d3 cxd3 12.Bb2 Ng6 13.Qb3 dxe2 14.Rfe1 Bd6 15.Rxe2 O-O
16.Rd1 Nce5 17.Nf5 Nf7 18.Nxd6 Nxd6 19.Rxe6 Bxe6 20.Qxe6+ Kh8 21.Rxd6 Qc7
22.h4 Rfe8 23.Qd7 Qc2 24.Bd4 Re7 25.Qc6 Qf5 26.Qd5 Qxd5 27.Rxd5 Nf8 28.Bh3 a6
29.h5 h6 30.Nh4 Re1+ 31.Kg2 Rbe8 32.Rd6 Rd1 33.Bg4 Rd3 34.Bf5 Rxa3 35.Ng6+ Kg8
36.Bc5 Nxg6 37.hxg6 a5 38.Bd7 Ra8 39.Bxb5 axb4 40.Bxb4 R3a7 41.Bc5 Rc7 42.Bb6 Re7
43.Bc4+ Kh8 44.Bf7 Re1 45.Be3 Rea1 46.Rd7 R1a5 47.g4 Rb8 48.g5 Rxg5+ 49.Bxg5 fxg5
50.Bd5 Rf8 51.Ra7 Rd8 52.Kf3 Rf8+ 53.Ke4 Re8+ 54.Kf5 Rf8+ 55.Ke6 Rc8 56.Ke7 Rb8
57.Be6 h5 58.Ra5 Rb7+ 59.Kd6 Rb6+ 60.Kc7  1-0

[Event "48th ch-IND"]
[Site "New Delhi IND"]
[Date "2010.12.13"]
[Round "5"]
[White "Joshi,GB"]
[Black "Saptarshi,R"]
[Result "0-1"]
[WhiteElo "2292"]
[BlackElo "2382"]

1.c4 e6 2.Nf3 d5 3.g3 dxc4 4.Bg2 c6 5.Na3 Bxa3 6.bxa3 b5 7.a4 Bb7 8.Rb1 a6
9.Qc2 Nf6 10.O-O Nbd7 11.Rd1 c5 12.axb5 axb5 13.Rxb5 Bc6 14.a4 Bxb5 15.axb5 Qa5
16.Ne1 Nd5 17.Bb2 O-O 18.e4 N5b6 19.Rb1 Qa2 20.d3 e5 21.Bf1 cxd3 22.Nxd3 c4
23.Nb4 Qa4 24.Qxa4 Rxa4 25.Nc6 f6 26.f4 Re8 27.fxe5 Nxe5 28.Bxe5 fxe5 29.Nb4 c3
30.Kf2 Rxb4 31.Rxb4 c2  0-1

[Event "European Rapid Championship"]
[Site "Warsaw POL"]
[Date "2010.12.18"]
[Round "5"]
[White "Ponomariov,R"]
[Black "Swiercz,D"]
[Result "1/2-1/2"]
[WhiteElo "2744"]
[BlackElo "2522"]

1.c4 e6 2.Nf3 d5 3.d4 Nf6 4.e3 c5 5.cxd5 exd5 6.Bb5+ Nc6 7.Ne5 Bd7 8.Nxd7 Qxd7
9.O-O a6 10.Bxc6 bxc6 11.b3 cxd4 12.Qxd4 Be7 13.Bb2 O-O 14.Nc3 c5 15.Qd3 Rfd8
16.Rac1 Qe6 17.Rfd1 Rac8 18.Ne2 Bd6 19.g3 Bb8 20.Bxf6 Qxf6 21.Nc3 c4 22.Qd2 d4
23.exd4 cxb3 24.axb3 Qb6 25.Nd5 Qb7 26.Qg5 h6 27.Rxc8 Rxc8 28.Qf5 Rd8 29.Ne3 Qxb3
30.Rb1 Qa4 31.Rb7 Qe8 32.Nd5 Bd6 33.Qg4 Qe6 34.Qxe6 fxe6 35.Ne3 a5 36.Ra7 Bb4
37.Nc4 Rxd4 38.Nxa5 Bxa5 39.Rxa5 Kf7  1/2-1/2

[Event "North American Open"]
[Site "Las Vegas USA"]
[Date "2010.12.28"]
[Round "4"]
[White "Mikhailuk,S"]
[Black "Wang,K"]
[Result "0-1"]
[WhiteElo "2431"]
[BlackElo "2176"]

1.c4 e6 2.Nf3 d5 3.g3 Nf6 4.Bg2 dxc4 5.Qa4+ Nbd7 6.O-O a6 7.Qxc4 c5 8.Qc2 b5
9.d4 Bb7 10.Bg5 Rc8 11.Qd3 Be7 12.Nbd2 O-O 13.a4 Qb6 14.e4 h6 15.Be3 Ng4
16.axb5 Nxe3 17.fxe3 axb5 18.e5 cxd4 19.exd4 Rfd8 20.Rf2 f6 21.exf6 Bxf6
22.Re1 Nf8 23.Ne4 Bxd4 24.Nxd4 Qxd4 25.Qxb5 Bxe4 26.Bxe4 Rc5 27.Qe2 Rc7 28.Kg2 e5
29.Qh5 Re7 30.g4 Ne6 31.Qf5 Nf4+ 32.Kg3 Rf7 33.Qh7+ Kf8 34.Rc2 Qb6 35.Bf5 Qd6
36.Rc8 Rxc8 37.Qh8+ Ke7 38.Qxc8 g6 39.Rc1 Ne2+  0-1

[Event "23rd Staufer-Open"]
[Site "Leinzell GER"]
[Date "2011.01.03"]
[Round "4"]
[White "Gheng,J"]
[Black "Merk,T"]
[Result "1-0"]
[WhiteElo "2335"]
[BlackElo "2152"]

1.c4 e6 2.Nf3 d5 3.d4 c6 4.e3 Nf6 5.Bd3 Nbd7 6.Nc3 dxc4 7.Bxc4 b5 8.Bd3 a6
9.a4 b4 10.Ne4 Bb7 11.Nxf6+ gxf6 12.O-O c5 13.Re1 Bd6 14.b3 Rg8 15.Bf1 Qc7
16.e4 cxd4 17.Qxd4 Ne5 18.Qd1 Rd8 19.h3 Qc3 20.Be3 Bxe4 21.Nd4 Bc5 22.Rc1 Rxd4
23.Bxd4 Qxh3 24.Rxe4 Nf3+ 25.Qxf3 Qxf3 26.Re3 Qf4 27.Rxc5 Rg4 28.Rc8+ Kd7
29.Rc4 Qh6 30.Rd3 Ke8 31.Rc8+ Kd7 32.Be3+  1-0

[Event "1st HDBank Cup"]
[Site "Ho Chi Minh City VIE"]
[Date "2011.01.04"]
[Round "1.21"]
[White "Lou Yiping"]
[Black "Nguyen Quynh Anh"]
[Result "1-0"]
[WhiteElo "2429"]
[BlackElo "2177"]

1.c4 e6 2.Nf3 d5 3.d4 c6 4.Qc2 Nf6 5.Bg5 Be7 6.e3 O-O 7.Nc3 b6 8.Bd3 h6 9.Bh4 Bb7
10.O-O Nbd7 11.Rad1 Rc8 12.Qe2 Ne4 13.Bg3 Nxg3 14.hxg3 Qc7 15.e4 dxe4 16.Bxe4 Nf6
17.Bb1 Rfe8 18.Rfe1 Bb4 19.Ne5 c5 20.a3 Bxc3 21.bxc3 Rcd8 22.Qc2 Rd6 23.Qc1 Red8
24.Qf4 Ne8 25.Qg4 f6 26.Ng6 Bc8 27.Qe4 cxd4 28.cxd4 Qxc4 29.Rc1 Qa6 30.Ne7+ Kf8
31.Nxc8 Rxc8 32.Bd3 b5 33.Bxb5 Rxc1 34.Bxa6 Rxe1+ 35.Qxe1 Rxa6 36.Qb4+ Nd6
37.Qb8+ Kf7 38.Qc7+ Kg6 39.Qd7 Nf7  1-0

[Event "23rd Staufer-Open"]
[Site "Leinzell GER"]
[Date "2011.01.05"]
[Round "8"]
[White "Gheng,J"]
[Black "Namyslo,H"]
[Result "1-0"]
[WhiteElo "2335"]
[BlackElo "2240"]

1.c4 e6 2.Nf3 d5 3.e3 Nf6 4.b3 Be7 5.Bb2 O-O 6.Be2 c5 7.O-O Nc6 8.d4 cxd4
9.Nxd4 Bd6 10.cxd5 exd5 11.Nc3 Re8 12.Rc1 Ne5 13.Ncb5 Bb8 14.Nf3 a6 15.Bxe5 Bxe5
16.Nxe5 axb5 17.Qd4 Qe7 18.Nf3 b4 19.Bb5 Rd8 20.Qb6 Ne4 21.Bd3 Qd6 22.Qd4 Nc3
23.a4 b6 24.Qh4 h6 25.Nd4 Ba6 26.Bxa6 Rxa6 27.Nb5 Nxb5 28.axb5 Ra3 29.Rc6 Qf8
30.Rb1 Rda8 31.Qd4 Qd8 32.Rxb6 Qd7 33.Qxb4 Qf5 34.Rf1 Ra2 35.Qd4 Re2 36.Ra6 Rc8
37.Rc6 Ra8 38.b6 Raa2 39.e4 Rxe4 40.Qxe4 dxe4 41.b7 e3 42.b8=Q+ Kh7 43.Qg3 e2
44.Re1 Rd2 45.Rcc1 Rd3 46.f3 Rd2 47.Rb1 Qd3 48.Qe5 f5 49.Kf2 Rd1 50.Ra1 Qd7
51.Rxe2 Rd5 52.Qe3 Rd3 53.Qa7 Qd5 54.b4 Rb3 55.Qc5 Qd3 56.Ra7 Qd8 57.Qxf5+  1-0